|
|
|
|
| LEADER |
00000nam a2200000Ii 4500 |
| 001 |
DIGCOLMX0415 |
| 003 |
NyNyDIG |
| 006 |
m o d |
| 007 |
cr ||||||||||| |
| 008 |
220509s2018 mx a ob 000 0 spa d |
| 035 |
|
|
|a (OCoLC)1033576114
|
| 040 |
|
|
|a DGITA
|b eng
|e rda
|e pn
|c DGITA
|
| 020 |
|
|
|a 9786076282700
|q eBook
|q ePub
|
| 020 |
|
|
|z 9786076282069
|q versión impresa
|
| 043 |
|
|
|a e-ur---
|a e-ru---
|
| 050 |
1 |
4 |
|a DK17 ebook
|
| 082 |
0 |
4 |
|a 947
|
| 100 |
1 |
|
|a Matos Franco, Rainer María,
|e author.
|
| 245 |
1 |
0 |
|a Historia mínima de Rusia /
|c Rainer María Matos Franco.
|
| 250 |
|
|
|a Primera edición electrónica.
|
| 264 |
|
1 |
|a Ciudad de México, México :
|b El Colegio de México,
|c 2018.
|
| 300 |
|
|
|a 1 online resource.
|
| 336 |
|
|
|a text
|b txt
|2 rdacontent
|
| 337 |
|
|
|a computer
|b c
|2 rdamedia
|
| 338 |
|
|
|a online resource
|b cr
|2 rdacarrier
|
| 347 |
|
|
|a text file
|2 rdaft
|
| 347 |
|
|
|b EPUB
|
| 490 |
1 |
|
|a Colección Historias mínimas
|
| 500 |
|
|
|a Turner--Cover.
|
| 504 |
|
|
|a Includes bibliographical references.
|
| 588 |
0 |
|
|a Online resource; title from ePub title page (Digitalia, viewed May 9, 2022)
|
| 651 |
|
0 |
|a Russia
|x History.
|
| 651 |
|
0 |
|a Soviet Union
|x History.
|
| 651 |
|
0 |
|a Russia (Federation)
|x History.
|
| 655 |
|
0 |
|a Electronic books.
|
| 791 |
2 |
|
|a Digitalia (Firm),
|e distributor.
|
| 793 |
0 |
|
|g Digitalia eBook Collection:
|a El Colegio de México
|
| 776 |
0 |
8 |
|i Print version:
|a Matos Franco, Rainer María.
|t Historia mínima de Rusia.
|b Primera edición.
|d Ciudad de México, México : El Colegio de México, 2017
|z 9786076282069
|
| 830 |
|
0 |
|a Historia mínima (Mexico City, Mexico)
|
| 856 |
4 |
0 |
|3 Digitalia Hispánica
|u https://www.digitaliapublishing.com/a/110306/
|
| 910 |
|
|
|a Premium collection: 2022
|